000 00544nam a2200193Ia 4500
005 20260429112303.0
008 260429s9999||||xx |||||||||||||| ||und||
020 _a9781666867206
041 _aEnglish
082 _a660.65
_bSEV
100 _aSevier, Max
245 0 _aTextbook of animal biotechnology /
_cMax Sevier
260 _aWilmington :
_bAmerican Academic Publisher,
_c2024.
300 _ax, 337 p.; hb
650 _a Genetic engineering
650 _a Veterinary biotechnology
650 _aAnimal biotechnology
942 _cTB
999 _c53320
_d53320